| 000 | 01461cam a22003977a 4500 | ||
|---|---|---|---|
| 001 | 15521923 | ||
| 005 | 20230322162254.0 | ||
| 008 | 081114s2008 ne a b 100 0 eng | ||
| 010 | _a 2008941675 | ||
| 015 |
_aGBA8A7675 _2bnb |
||
| 016 | 7 |
_a014749608 _2Uk |
|
| 020 | _a9781402091360 (hbk.) | ||
| 020 | _a1402091362 (hbk.) | ||
| 020 | _a1402091370 (ebk.) | ||
| 020 | _a9781402091377 (ebk.) | ||
| 035 | _a(OCoLC)ocn248986213 | ||
| 040 |
_aUKM _cUKM _dYDXCP _dBWX _dCDX _dBTCTA _dDLC |
||
| 042 |
_aukblsr _alccopycat |
||
| 050 | 0 | 0 |
_aUG1242.D7 _bI68 2008 |
| 082 | 0 | 4 |
_a623.746 _222 _bVAL |
| 111 | 2 |
_aInternational Symposium on Unmanned Aerial Vehicles _d(2008 : _cOrlando, Fla.) _9111150 |
|
| 245 | 1 | 0 |
_aUnmanned aircraft systems : _bInternational Symposium on Unmanned Aerial Vehicles, UAV'08 / _cedited by Kimon P. Valavanis, Paul Y. Oh, Les A. Piegl. |
| 260 |
_aDordrecht ; _aLondon : _bSpringer, _c2008. |
||
| 300 |
_a532 p. : _bill. (some col.) ; _c24 cm. |
||
| 504 | _aIncludes bibliographical references. | ||
| 650 | 0 |
_aDrone aircraft _vCongresses. _9111151 |
|
| 650 | 0 |
_aVehicles, Remotely piloted _vCongresses. _9111152 |
|
| 653 | 1 | _aUnmanned aircraft systems | |
| 653 | 1 | _aUAV | |
| 700 | 1 |
_aValavanis, K. _q(Kimon) _9111153 |
|
| 700 | 1 |
_aOh, Paul Y. _9111154 |
|
| 700 | 1 |
_aPiegl, Les A. _9111155 |
|
| 906 |
_a7 _bcbc _ccopycat _d2 _encip _f20 _gy-gencatlg |
||
| 942 |
_2ddc _cBK |
||
| 999 |
_c594130 _d594130 |
||